01119nam a2200313Ia 4500001000700000003000500007008004100012010001100053020002200064040000900086082001500095100001900110240003700129245017500166260003000341300001100371500007400382503006600456504005100522650001700573650003700590650003400627650002800661650003700689650001100726700001700737700002400754700002700778Z_6406CHAP220113s9999 xx 000 0 und d a169664 a978-84-282-1544-2 cCHAP a636.31 S56 aSimmons, Paula aStorey´s guide to raising sheep aGuía de la cría de ovejas : reproducción, Cuidados, instalaciones /cPaula Simmons y Carol Ekarius ; traducción Jordi Font ; ilustraciones Elayne Sears...[et al] aEspaña :bOmega,c  a485 p. a"Nueva edición" \ Traducción de: Storey´s guide to raising sheep aej.1: consumo \ ej.2: consumo \ ej.3: consumo \ ej.4: consumo aBibliografía: p. 457 - 460, incluye índice aGanado lanar aGanado lanar xx Alimentación aGanado lanar xx Alojamiento aGanado lanar xx Razas aGanado lanar xx reproducción aOvejas a Font, Jordi a Sears, Elayne, il. aEkarius, Carol, coat.